000 00330nam a22001337a 4500
008 170627b xxu||||| |||| 00| 0 eng d
020 _a394322809
041 _aeng
080 _a811
100 _a21
101 _aGJL
245 _aA LIVING LANGUAGE THE HISTORY AND STRUCTURES OF ENGLISH
_cBOLTON.W.F
942 _2udc
_cBK
999 _c19189
_d19189